LEADER 01193nam a2200265 u 4500 001 000000110211 003 CaOOAMICUS 005 20090325160115.0 008 080229s2007 it u000 u ita u 020 $z978-88-08-07217-7* 040 $aPUL$bita$dLDB 245 00$aImposta sul reddito delle societą /$copera diretta da Francesco Tesauro, con la collaborazione di Massimo Basilavecchia ... [et al.]. 260 $aBologna :$bZanichelli,$cc2007. 300 $axxxiii, 1129 p. ;$c25 cm. 490 1 $aStrumenti del diritto ;$v06 504 $aBibliografia in nota. 650 4$aSocietą commerciali$xDiritto.$0(OLS)http://pul/subject/20655 700 1 $aTesauro, Francesco.$0(OLS)http://pul/name/32681 830 0$aStrumenti del diritto ;$v06.$0(OLS)http://pul/title/136502 850 $aPUL 852 $aPUL$W1$xSL Diritto e Scienze Sociali 3$y79$m343. 45 TESFR 1$j126233$qDDC 21$B124959$CPULBib$Z2$F124959 $H106258 $82 941 1 $a9 996 $6020$z978-88-08-07217-7*$9(OLS)http://pul/number/137239 996 $6245$aImposta sul reddito delle societą$9(OLS)http://pul/title/138574 996 $6260$aBologna :$bZanichelli$9(OLS)http://pul/publisher/48255 LEADER 00970nam a2200241 a 4500 001 000000137970 003 CaOOAMICUS 005 20140328135003.0 008 140328s2000 it u000 u ita r 040 $aPUL$bita 100 1 $aBiagi, Enzo,$d1920-2007.$0(OLS)http://pul/name/89011 245 12$aL'albero dai fiori bianchi /$cEnzo Biagi. 260 $aMilano :$bR.C.S. Libri,$c©2000. 300 $a199 p. ;$c20 cm 500 $aEd. speciale per la festa degli ottanta anni di Enzo Biagi, Milano, 29 giugno 2000, Teatro Strehler. 500 $aV. appartenente al cofanetto "Trilogia della memoria". 651 4$aItalia$xStoria$ySec. XX.$0(OLS)http://pul/subject/6333 850 $aPUL 852 $aPUL$W1$xDP1 Fondo E. Rossi$y115$m7 C 53$j159038$qFondi$B158590$CPULBib$Z2$F158590 $82 941 1 $a1 996 $6245$aL'albero dai fiori bianchi$9(OLS)http://pul/title/174702 996 $6260$aMilano :$bR.C.S. Libri$9(OLS)http://pul/publisher/74600